Trồng Dưa leo

Sách giới thiệu kỹ thuật trồng, chăm sóc, phòng trừ sâu hại trên dưa leo

محفوظ في:
التفاصيل البيبلوغرافية
المؤلف الرئيسي: Nguyễn, Mạnh Hùng
التنسيق: كتاب
اللغة:Undetermined
منشور في: Tp. HCM Nông nghiệp 2007
الموضوعات:
الوسوم: إضافة وسم
لا توجد وسوم, كن أول من يضع وسما على هذه التسجيلة!
Thư viện lưu trữ: Trung tâm Học liệu Trường Đại học Cần Thơ
LEADER 00713nam a2200217Ia 4500
001 CTU_129177
008 210402s9999 xx 000 0 und d
020 |c 4000 
082 |a 635.63 
082 |b H513 
100 |a Nguyễn, Mạnh Hùng 
245 0 |a Trồng Dưa leo 
245 0 |c Nguyễn Mạnh Hùng, Phạm Anh Cường 
260 |a Tp. HCM 
260 |b Nông nghiệp 
260 |c 2007 
520 |a Sách giới thiệu kỹ thuật trồng, chăm sóc, phòng trừ sâu hại trên dưa leo 
650 |a plants, effect of pesticides on,cucumber 
650 |x diseases and pests 
904 |i Năm 
980 |a Trung tâm Học liệu Trường Đại học Cần Thơ